[Event "10th LCC GCT Finals 2018"]
[Site "London"]
[Date "2018.12.17"]
[Round "2.6"]
[White "Caruana, Fabiano"]
[Black "Aronian, Levon"]
[Result "0-1"]
[WhiteElo "2832"]
[BlackElo "2765"]
[Annotator "TA"]
[PlyCount "154"]
[EventDate "2018.12.11"]
[EventType "k.o."]
[EventCountry "ENG"]
[SourceTitle "playchess.com"]
[Source "ChessBase"]
[SourceQuality "1"]

{[%evp 11,154,27,37,37,29,21,40,21,68,66,46,54,62,0,20,0,0,0,31,0,11,-10,31,24,30,40,120,77,98,71,72,25,30,-37,-27,-193,-189,-187,-67,-118,-109,-126,-111,-106,-122,-156,-152,-167,-160,-161,-87,-94,-87,-131,-95,-87,-97,-109,-113,-118,-92,-90,-89,-94,-89,-110,-74,-85,0,-133,0,-166,-159,-159,-119,-151,-20,-450,-452,-436,-431,-382,0,-372,-306,-419,-392,-362,-178,-178,-225,-241,-1,-1,-1,-1,-1,-1,-1,-450,-292,-292,-292,-292,-292,0,0,-292,-299,-2397,-1929,-408,-8,-426,-299,-2477,-2412,-2405,-2278,-2266,-2266,-2331,-2284,-2233,-2233,-2233,-2075,-1800,-1676,-29971,-29970,-29978,-29979,-29979,-29979,-29977,0,-29976,-29969,-29969,-29969,-12792,-7401,-29990,-29991]} 1. e4 e5 2. Nf3 Nc6 3. Bb5 f5 4. d3 fxe4 5. dxe4 Nf6 6. O-O d6 {LiveBook: 201 Games} 7. Bc4 {C63: Ruy Lopez: Schliemann/Jaenisch Defence} Bg4 8. h3 Bh5 $1 9. Nc3 {White is slightly better.} Nd4 $146 ({Predecessor:} 9... Qd7 10. Nd5 O-O-O 11. Qd3 Kb8 12. Bd2 Be7 13. b4 Rdf8 14. b5 Nd8 {½-½ (69) Navara,D (2730)-Azarov,S (2589) Czech Republic 2016}) 10. g4 Nxf3+ 11. Qxf3 Bg6 12. Be6 (12. g5 $14 Nh5 13. Be6) 12... c6 13. Be3 $36 {[%mdl 2048] White fights for an advantage.} Qe7 14. Bb3 Bf7 15. Rfd1 a6 16. Qg3 b5 17. f4 Bxb3 18. axb3 g6 (18... exf4 $14 19. Qxf4 (19. Bxf4 b4 $14) 19... Qe6) 19. b4 Qe6 20. Qf3 exf4 21. Bxf4 Nd7 22. e5 (22. Ne2 $11) 22... d5 $15 23. Rd4 $2 (23. Ne2 $11 Bxb4 24. Nd4) 23... Bg7 $19 24. Bg3 Bxe5 (24... Nxe5 $19 25. Bxe5 Bxe5) 25. Rd3 (25. Rd2 $1 $15 Bxg3 26. Qxg3) 25... Bxg3 $17 26. Qxg3 O-O 27. Re1 Qf6 28. Rd2 Rae8 $1 {[%cal Re8e1]} 29. Rxe8 Rxe8 30. Rf2 Qe5 (30... Qd4 $19 31. Qf4 Qxf4 32. Rxf4 Re3) 31. Qxe5 Rxe5 {[%mdl 4096] Endgame KRN-KRN} 32. Ne2 c5 33. bxc5 Nxc5 34. Nd4 Kg7 35. Kg2 Ne6 (35... Re4 {looks sharper.} 36. Nc6 Ne6 37. Kg3 h5 38. c3 d4) 36. Nxe6+ Rxe6 {KR-KR} 37. Rd2 Rd6 38. Kf3 Kf6 $1 39. c3 Ke5 (39... a5 $17) 40. Re2+ $11 Kf6 41. Re8 $2 (41. Rd2 $11 {and White is okay.}) 41... d4 $1 $19 42. cxd4 Rxd4 43. Ra8 Rd6 (43... Rb4 $17 44. Kg3 Rxb2 45. Rxa6+ Ke5) 44. Ke4 $2 {[%mdl 8192]} (44. Kf4 $11) 44... Kg5 $1 {[%cal Rg5h4]} 45. Rh8 Rd7 46. Ra8 Rd6 47. Rh8 $1 h6 48. b4 Rc6 49. Kd5 Rc4 (49... Rc3 $142 50. Ra8 Ra3) 50. Ra8 Rxb4 51. Rxa6 Rb3 $2 (51... h5 $1 $19 52. gxh5 gxh5) 52. h4+ $1 $11 Kxg4 {Hoping for ...g5.} 53. Rxg6+ Kh5 54. Rb6 $1 b4 55. Ke4 $2 {[%mdl 8192]} (55. Kc4 $11 {and White has nothing to worry.} Rb2 56. Kd3) 55... Rh3 56. Rb5+ {[#]} Kg6 $1 57. Rb6+ Kg7 58. Rb7+ Kf8 59. Kf5 $2 {[%mdl 8192]} (59. Ke5 $1 $11) 59... Rxh4 $19 60. Kf6 $2 (60. Ke5) 60... Ke8 61. Ke6 Re4+ $2 (61... Kd8 $19 {Strongly threatening ...Kc8.} 62. Kd6 Kc8) 62. Kf5 $2 {[%mdl 8192] [#]} (62. Kd5 $11 Rh4 63. Ke5) 62... Rc4 $1 63. Rb6 $2 (63. Ke6 Re4+ 64. Kd5) 63... h5 64. Ke6 Kd8 65. Kd6 Kc8 66. Kd5 Kc7 67. Rh6 Rh4 68. Kc5 Kd7 69. Kd5 b3 70. Rh7+ Kc8 71. Kc6 Rc4+ 72. Kd5 Rb4 73. Kc6 Rc4+ 74. Kd5 {[#]} b2 $1 {[%mdl 512]} 75. Kxc4 b1=Q 76. Rxh5 Qc2+ 77. Kd4 Qd1+ {Accuracy: White = 34%, Black = 49%.} 0-1

[Event "10th LCC GCT Finals 2018"]
[Site "London"]
[Date "2018.12.17"]
[Round "2.6"]
[White "Nakamura, Hikaru"]
[Black "Vachier-Lagrave, Maxime"]
[Result "1/2-1/2"]
[WhiteElo "2746"]
[BlackElo "2781"]
[Annotator "TA"]
[PlyCount "82"]
[EventDate "2018.12.11"]
[EventType "k.o."]
[EventCountry "ENG"]
[SourceTitle "playchess.com"]
[Source "ChessBase"]
[SourceQuality "1"]

{[%evp 18,82,31,23,45,29,52,53,36,15,22,30,29,16,22,16,27,0,0,-16,-20,-23,-26,-25,0,-15,-13,-12,-14,-3,0,-43,7,6,8,8,28,0,15,0,4,0,0,0,0,0,0,0,0,0,0,0,0,0,0,0,0,0,0,0,0,0,0,0,0,0,0]} 1. Nf3 c5 2. c4 Nf6 3. Nc3 d5 4. cxd5 Nxd5 5. e3 Nxc3 6. bxc3 g6 7. Bb5+ Bd7 8. Be2 Bg7 9. O-O O-O 10. d4 {LiveBook: 12 Games} Bc6 {A34: Symmetrical English: 2 Nc3, lines with ...d5} 11. Ba3 cxd4 $146 ({Predecessor:} 11... b6 12. dxc5 Bxc3 13. Rc1 Bf6 14. Qb3 Qd7 15. Bb2 Bd5 16. Qa3 Nc6 17. Rfd1 Qe6 18. Bxf6 exf6 {½-½ (28) Fressinet,L (2702)-Nepomniachtchi,I (2705) Baku 2015}) 12. cxd4 Re8 {White is slightly better.} 13. Ne5 Qa5 14. Nxc6 Qxa3 15. Ne5 Bxe5 16. dxe5 e6 17. Rb1 Nc6 18. Rxb7 {[#] aiming for Qd6.} Qxa2 19. f4 {And now Bf3 would win.} Red8 20. Qe1 Rab8 21. Rxb8 Rxb8 22. Bf3 Ne7 23. Qc3 Rc8 (23... a5 {with more complications.} 24. Qc7 Re8 25. Qd7 Kf8 26. Rd1 Qb3) 24. Qd3 Nd5 25. Bxd5 exd5 $11 {[%mdl 4096] Endgame KQR-KQR} 26. Rd1 Rc5 27. Qd4 Qc4 {The position is equal.} 28. Ra1 a5 29. h3 Qxd4 30. exd4 {KR-KR} Rc4 31. Rxa5 Rxd4 32. g3 h5 33. h4 Rd2 34. Ra7 d4 35. Ra8+ Kg7 36. Rd8 Rd1+ 37. Kf2 Rd2+ 38. Kf3 Rd3+ 39. Kf2 Rd2+ 40. Kf3 Rd3+ 41. Kf2 Rd2+ {Precision: White = 41%, Black = 80%.} 1/2-1/2

[Event "10th LCC GCT Finals 2018"]
[Site "London"]
[Date "2018.12.17"]
[Round "2.7"]
[White "Vachier-Lagrave, Maxime"]
[Black "Nakamura, Hikaru"]
[Result "1/2-1/2"]
[WhiteElo "2781"]
[BlackElo "2746"]
[Annotator "TA"]
[PlyCount "93"]
[EventDate "2018.12.11"]
[EventType "k.o."]
[EventCountry "ENG"]
[SourceTitle "playchess.com"]
[Source "ChessBase"]
[SourceQuality "1"]

{[%evp 22,93,17,14,22,15,10,10,18,0,-4,-3,-2,-39,0,-8,0,0,-2,-9,-15,-12,12,-12,-13,-14,-4,-30,-13,-33,-35,-33,-22,-27,-16,-20,-17,-33,-11,-15,0,-4,11,0,0,-10,-7,-18,0,0,0,0,0,0,0,0,0,0,0,-10,-6,-5,0,0,0,0,0,0,0,0,0,0,0,0]} 1. e4 e5 2. Nf3 Nc6 3. Bb5 Nf6 4. O-O Nxe4 5. Re1 Nd6 6. Nxe5 Be7 7. Bf1 Nf5 {C67: Ruy Lopez: Berlin Defence: 4 0-0 Nxe4} 8. Nf3 d5 9. d4 O-O 10. g3 Re8 11. Nc3 Be6 12. Ne2 {LiveBook: 8 Games} g5 13. Bg2 {[#]} h6 $146 ({Predecessor:} 13... Bf6 14. c3 h6 15. Bd2 {0-1 (36) Vachier Lagrave,M (2819)-Nakamura,H (2791) chess.com INT 2016}) 14. c3 Bf8 15. Nd2 Qd7 16. Nf1 Bg7 17. Ne3 Nxe3 18. Bxe3 Ne7 {[%cal Bc6e7,Be7f5,Bf5d6,Bd6c4][%mdl 32]} 19. Nc1 Nf5 20. Bd2 b6 21. Nd3 f6 22. Qb3 c6 23. a4 Nd6 24. Qd1 Bg4 25. f3 Bf5 26. Nf2 Nc4 27. b3 Rxe1+ 28. Qxe1 Re8 29. Qc1 Nxd2 30. Qxd2 {The position is equal.} Qe7 31. Bf1 Qd6 32. Bd3 Bd7 33. Re1 Rxe1+ 34. Qxe1 Qe6 35. Qxe6+ Bxe6 $11 {[%mdl 4096] Endgame KBB-KBN} 36. Nd1 Bf8 37. Kf2 f5 38. f4 Kf7 39. Ne3 Kf6 40. Ng2 Ba3 {Hoping for ...Bb2.} 41. Ke2 Bf7 42. Kd2 Bd6 43. Ke3 Bh5 {Threatens to win with ...Bd1.} 44. Be2 Bf7 45. Bd3 Bh5 {White must now prevent ...Bd1.} 46. Be2 Bf7 47. Bd3 {Accuracy: White = 62%, Black = 46%.} 1/2-1/2

[Event "10th LCC GCT Finals 2018"]
[Site "London"]
[Date "2018.12.17"]
[Round "2.7"]
[White "Aronian, Levon"]
[Black "Caruana, Fabiano"]
[Result "0-1"]
[WhiteElo "2765"]
[BlackElo "2832"]
[Annotator "TA"]
[PlyCount "100"]
[EventDate "2018.12.11"]
[EventType "k.o."]
[EventCountry "ENG"]
[SourceTitle "playchess.com"]
[Source "ChessBase"]
[SourceQuality "1"]

{[%evp 9,100,37,54,36,65,11,19,37,70,63,73,59,47,56,41,49,133,15,24,0,10,-50,-57,-62,-64,-44,-47,-64,-25,-27,-22,-56,-54,-48,-56,-68,-70,-76,-60,-68,-61,-100,-99,-98,-31,-68,-71,-72,-50,-48,-64,-59,-52,-59,-29,-18,-14,-14,-11,-50,-55,-88,-87,-94,-91,-95,-83,-143,-144,-143,-113,-121,-131,-122,-125,-216,-192,-295,-293,-385,-377,-410,-257,-471,-175,-693,-693,-702,-683,-699,-682,-5622,-3529]} 1. d4 Nf6 2. Bf4 c5 3. d5 b5 4. f3 e6 $146 ({Predecessor:} 4... g6 5. e4 Bg7 6. Nh3 O-O 7. Nf2 d6 8. Be2 Na6 9. O-O Nc7 10. c3 a5 {1-0 (67) Karjakin,S (2773)-Duda,J (2737) chess.com INT 2018}) 5. e4 c4 6. a4 {A45: Trompowsky Attack} exd5 7. exd5 (7. e5 $14) 7... Bb4+ $1 $11 8. c3 {The position is equal.} Qe7+ 9. Qe2 Bc5 10. d6 {[%csl Gd6][%cal Re2e7]} Qxe2+ 11. Nxe2 b4 12. Nd2 Ba6 (12... O-O $14) 13. cxb4 (13. Be5 $1 $16) 13... Bxb4 14. Nc3 O-O 15. Rc1 (15. Kf2 $11) 15... Re8+ $15 16. Kd1 $1 Bxc3 $1 17. bxc3 Nd5 18. Bg3 Ne3+ 19. Ke2 Nc6 $36 {[%mdl 2048] Black is more active.} 20. Ne4 Nxf1 21. Kxf1 Na5 22. Kf2 Nb3 {aiming for ...f5.} 23. Rc2 Bb7 24. Nd2 Bd5 25. Rd1 Nc5 26. Kg1 Bc6 ({Of course not} 26... Nxa4 $6 27. Ra1 $11) ({Black should try} 26... Nd3 $17 27. Rb1 a5) 27. Rb2 Nxa4 28. Rc2 Nc5 {White must now prevent ...Ba4.} 29. Ra2 Re2 30. Kf1 Re6 31. Rb1 h5 32. Ra5 Nb7 33. Rxh5 Nxd6 34. Ra5 Nb7 35. Ra3 d5 36. Bf2 a5 {[%cal Ba7a5,Ba5a4][%mdl 32]} 37. Rb6 a4 38. Bd4 (38. f4 $142) 38... Na5 $17 39. f4 Bd7 40. Rxe6 fxe6 41. Nf3 Rb8 42. Ne5 (42. Ra2 $17 {might work better.}) 42... Be8 $19 43. Ra2 {[#]} (43. Nf3 {is a better defense.}) 43... Rb1+ $1 44. Ke2 Nb3 45. Be3 Kh7 46. h3 $2 {[#]} (46. Kf2) 46... Bb5 $2 (46... d4 $1 {[%mdl 512]} 47. cxd4 Bb5) 47. Kf2 $2 {[#]} (47. Nf3) 47... d4 $1 {[%mdl 512] Black is clearly winning.} 48. Bxd4 (48. cxd4 c3) 48... Nxd4 49. cxd4 c3 {Threatens to win with ...Rb2+.} 50. Nf3 Rb2+ {[%mdl 64] Double Attack. Accuracy: White = 33%, Black = 66%.} 0-1

[Event "10th LCC GCT Finals 2018"]
[Site "London"]
[Date "2018.12.17"]
[Round "2.8"]
[White "Caruana, Fabiano"]
[Black "Aronian, Levon"]
[Result "1-0"]
[WhiteElo "2832"]
[BlackElo "2765"]
[Annotator "TA"]
[PlyCount "89"]
[EventDate "2018.12.11"]
[EventType "k.o."]
[EventCountry "ENG"]
[SourceTitle "playchess.com"]
[Source "ChessBase"]
[SourceQuality "1"]

{[%evp 12,89,43,36,76,75,62,72,68,62,66,74,82,75,168,190,192,189,176,168,221,207,266,261,244,239,312,274,504,576,492,477,654,702,947,920,830,907,856,896,919,908,874,628,615,572,1050,740,719,721,700,527,575,596,557,403,400,383,398,361,724,395,375,366,387,389,470,407,406,366,510,472,579,573,612,583,1239,1100,962,535]} 1. e4 g6 2. d4 Bg7 3. Nc3 d6 4. Be3 c6 5. a4 d5 (5... Nf6 6. h3 Nbd7 7. Nf3 O-O 8. a5 Qc7 9. Qd2 Re8 10. Bc4 Nxe4 11. Nxe4 d5 12. Bb3 dxe4 13. Ng5 Rf8 14. Nxe4 Nf6 15. Nxf6+ Bxf6 16. h4 Qd6 17. h5 {0-1 (42) Sutovsky,E (2700)-Ivanchuk,V (2768) Khanty-Mansiysk 2011 CBM 145 [Marin,M]}) 6. h3 {B06: Modern Defence} dxe4 7. Nxe4 {LiveBook: 3 Games} Bf5 $146 ({Predecessor:} 7... Nd7 8. Nf3 Ngf6 9. Nxf6+ Nxf6 10. Bc4 Qd6 11. O-O Be6 12. Bxe6 Qxe6 13. Re1 {0-1 (41) Horvath,A (2536)-Pap,G (2544) Hungary 2015}) 8. Ng3 {White is better.} Be6 9. Nf3 Nf6 10. Be2 Nd5 11. Bd2 Qc7 12. Qc1 h6 (12... a5 $16 {was called for.}) 13. c4 $18 Nf6 14. O-O Nbd7 15. a5 g5 (15... Nf8 $142 16. a6 b6) 16. Bd3 g4 17. hxg4 Bxg4 18. Bf4 Qc8 19. Nh4 Nh5 $2 {[#]} (19... Nf8 20. f3 Be6) 20. Nxh5 Bxh5 21. Nf5 Bf6 22. Re1 Kd8 23. Qe3 Nf8 24. Nxe7 Qd7 25. Nf5 Ng6 26. Bh2 Bg4 27. Nd6 Bg5 28. Qe4 Nh4 29. Nxf7+ Qxf7 30. Qxg4 Rf8 31. Bg3 Nf5 32. Bxf5 Qxf5 33. Qxf5 Rxf5 34. a6 b5 35. Re6 bxc4 $2 {[#]} (35... Rf6) 36. Rd6+ Ke8 37. Re1+ Kf8 38. Rxc6 Rb5 39. Rxc4 Rxb2 40. d5 {[%cal Bd4d5,Bd5d6][%mdl 32]} Ra2 41. Rc6 {White is clearly winning.} Rd8 42. d6 Ra4 43. Rb1 Rd7 44. Rb7 Rxa6 45. Rc8+ {Precision: White = 59%, Black = 31%.} ({Weaker is} 45. Rxa6 Rxb7 46. Be5 Bd8 $16) 1-0

[Event "10th LCC GCT Finals 2018"]
[Site "London"]
[Date "2018.12.17"]
[Round "2.8"]
[White "Nakamura, Hikaru"]
[Black "Vachier-Lagrave, Maxime"]
[Result "1-0"]
[WhiteElo "2746"]
[BlackElo "2781"]
[Annotator "TA"]
[PlyCount "57"]
[EventDate "2018.12.11"]
[EventType "k.o."]
[EventCountry "ENG"]
[SourceTitle "playchess.com"]
[Source "ChessBase"]
[SourceQuality "1"]

{[%evp 18,57,33,23,28,20,18,21,20,20,27,25,30,34,91,82,83,90,102,77,81,75,94,108,111,109,209,146,372,234,540,498,505,513,600,568,1142,490,425,0,1146,1120]} 1. Nf3 c5 2. c4 Nf6 3. Nc3 d5 4. cxd5 Nxd5 5. e3 Nxc3 6. bxc3 g6 7. Bb5+ Bd7 8. Be2 Bg7 9. O-O O-O 10. d4 {LiveBook: 12 Games} Bc6 {A34: Symmetrical English: 2 Nc3, lines with ...d5} 11. Ba3 {[%cal Bc1a3,Ba3b4,Bb4d2][%mdl 32]} cxd4 $146 ({Predecessor:} 11... b6 12. dxc5 Bxc3 13. Rc1 Bf6 14. Qb3 Qd7 15. Bb2 Bd5 16. Qa3 Nc6 17. Rfd1 Qe6 18. Bxf6 exf6 {½-½ (28) Fressinet,L (2702)-Nepomniachtchi,I (2705) Baku 2015}) 12. cxd4 Re8 {The position is equal.} 13. Rc1 Qa5 14. Qb3 Nd7 15. Bb4 $36 {[%mdl 2048] White is pushing.} Qf5 (15... Qa4 $14) 16. Bd3 $16 Qh5 17. e4 e6 18. h3 Rad8 19. Rfe1 {Black must now prevent Bf1.} a5 20. Bd2 a4 21. Qb1 Rc8 (21... Bh6 $16) 22. Be2 Bf6 $2 (22... Bh6 $16 {was called for.} 23. Ng5 Qh4) 23. Rcd1 Red8 $2 (23... Nb8 {is tougher.} 24. Rc1 Nd7) 24. Ng5 Qh4 25. g3 Qh6 {[#]} 26. Nxf7 $1 {[%mdl 512]} Qxh3 {[#]} (26... Kxf7 27. Bxh6) 27. Bf1 (27. Bg4 $142 $1 {[%mdl 512]}) 27... Qh5 $18 28. Be2 ({Weaker is} 28. Nxd8 Bxd8 29. Bc4 Qg4 $18) (28. Nh6+ $142 Kg7 29. Be2 Bxe4 30. Qxe4 (30. Bxh5 Bxb1 31. Rxb1 gxh5 $16)) 28... Qh3 {[#]} 29. Bg4 $1 {[%mdl 512] Accuracy: White = 61%, Black = 43%.} 1-0